00764nam a2200241 i 4500001000300000003000400003005001700007008003900024015001700063020001500080040000800095080000700103080001200110100004400122245006400166260004300230300004000273504003400313655003000347650001300377710003400390856009800424bgBPK20220623075322.0 05040s2004 pl a |000 0 pol aPB 6455/2005 a8301143398 cBPK a55 a(075.8)1 aMizerski, Włodzimierzd(1949- )eAutor10aGeologia regionalna kontynentów /cWłodzimierz Mizerski. aWarszawa :bWydaw. Naukowe PWN,c2004. a301, [5] s. :bmapy, rys. ;c24 cm. aBibliogr. przy rozdz. Indeks. 4aPodręczniki akademickie 4aGeologia2 aWydawnictwo Naukowe PWN4pbl. uhttp://koha.tu.koszalin.pl/cgi-bin/koha/opac-detail.pl?biblionumber=46811yKatalog online BPK